000 01120nam a22004090a 4500
001 PT61999
003 AR-LpoUNG
005 20210201010530.0
008 201001s2011||||ag |||||||||||||||||spa d
020 _a9789872760700
_c$29
040 _aAR-LpoUNG
_bspa
_eaacr
041 _aspa
044 _aag
082 0 _a334.01 422pre
100 1 _aVega, Julio César
_epról.
245 1 0 _aPremio Nacional UCU 2011 :
_beconomía social
250 _a1ra. ed.
260 _aConcepción del Uruguay :
_bUCU,
_c2011.
300 _a144 p. :
_bil.
_3Impreso
490 0 _aUniversidad de Concepción del Uruguay ;
_vv.Premios
650 4 _aANALISIS HISTORICO
650 4 _aARGENTINA
650 4 _aCOOPERATIVISMO
650 4 _aDERECHOS DEL NIÑO
650 4 _aECONOMIA COLECTIVA
650 4 _aECONOMIA DE MERCADO
650 4 _aMOVIMIENTOS COOPERATIVOS
650 4 _aPARTICIPACION SOCIAL
653 _aCOOPERATIVISMO
653 _aECONOMIA SOCIAL
653 _aECONOMIA SOLIDARIA
653 _aEMPRENDEDORISMO
653 _aINCLUSION SOCIAL
653 _aMUTUALES
905 _a61999
942 _cLIB
999 _c51683
_d51683